Statistiques concernant Voc allemand - Vie privée

Cliquez ici pour prendre le quiz!

Statistiques générales

  • Ce quiz a été pris 40 fois
    (27 depuis la dernière actualisation)
  • Le résultat moyen est 64 sur 214

Statistiques - réponses

HintRéponse% Correct
SelbstEn personne / -même
93%
Der Mann, ¨-erL'homme / le mari
93%
Der Name, -nLe nom
87%
PersönlichPersonnel
87%
Die Schwiegertochter, "La belle-fille / la bru
80%
Das Mädchen | Die Tochter, ¨-eLa fille
80%
Die Schwester, -nLa soeur
80%
Der SchwagerLe beau-frère
80%
Der Bruder,"Le frère
80%
Die Frau, -enLa femme
73%
Die Mutter,"La mère
73%
Der Geburtstag, -eL'anniversaire
73%
Der SchwiegervaterLe beau-père
73%
Der Sohn, ¨-eLe fils
73%
Der Junge, -nLe garçon
73%
Das Kind, -erL'enfant
73%
Der Vater,"Le père
73%
Der EnkelLe petit-fils
73%
Die LeuteLes gens
73%
BeliebtAimé
67%
WillkommenBienvenu
67%
ZusammenEnsemble
67%
JungJeune
67%
Das LebenLa vie
67%
Der Geburtsort, -eLe lieu de naissance
67%
Der Onkel, -sL'oncle
67%
BetreuenS'occuper de
67%
Der Kindergarten,"La maternelle / le jardin d'enfants
60%
Der Freund, -eL'ami
60%
Der TodLa mort
60%
Die LiebeL'amour
60%
Die Geburt, -enLa naissance
60%
Die Persönlichkeit, -enLa personnalité
60%
Der Herr, -enLe monsieur
60%
Der Tote, -nLe mort
60%
Die ElternLes parents
60%
TotMort
60%
SterbenMourir
60%
NennenNommer
60%
Allein / einsamSeul
60%
MögenAimer
53%
WachsenGrandir
53%
Das AlterL'âge
53%
Die Nichte, -nLa nièce
53%
Das BenehmenLe comportement / la conduite / le savoir-vivre
53%
Der Neffe, -nLe neveu
53%
Die GeschwisterLes frères et soeurs
53%
NervösNerveux
53%
AltVieux
53%
LebenVivre
53%
HeiratenEpouser / se marier
47%
Die Autorität, -enL'autorité
47%
Die Ehe, -nLe mariage
47%
Die Hochzeit, -enLe mariage / les noces
47%
Die KindheitL'enfance
47%
Der Verwandte, -nLe parent
47%
VerheiratetMarié
47%
VerwandtParent / apparenté
47%
ReagierenRéagir
47%
Begegnen | TreffenRencontrer
47%
FeiernFêter
40%
NettGentil
40%
GlücklichHeureux
40%
Die Feier, -n / das FestLa fête
40%
Der Besuch, -eLa visite
40%
Der Pass, ¨-eLe passeport
40%
MännlichMasculin
40%
TeilnehmenPrendre part
40%
HeissenS'appeler
40%
SchlagenBattre / frapper / taper
33%
WeiblichFéminin
33%
HassenHaïr
33%
EinladenInviter
33%
Das VertrauenLa confiance
33%
Der Jugendliche, -nL'adolescent / le mineur
33%
Der Erwachsene, -nL'adulte
33%
Das Grab, ¨-erLa tombe
33%
Die AchtungLe respect / l'attention
33%
Die Entschuldigung, -enL'excuse
33%
Die Einladung, -enL'invitation
33%
GefallenPlaire
33%
Übel nehmenPrendre mal
33%
BesuchenRendre visite
33%
(Sich) aufregen(S')énerver
33%
(Sich) vorstellen(Se) présenter
33%
(Sich) trennenSe séparer
33%
(Sich) entschuldigenS'excuser
33%
UmarmenEnlacer / embrasser / serrer dans ses bras
27%
Da seinEtre présent
27%
(Sich) kennen lernenFaire la connaissance
27%
GratulierenFéliciter
27%
StolzFier
27%
Der ZornLa colère
27%
Das VerständnisLa compréhension
27%
Der Bekannte, -nLa connaissance / la relation
27%
Die JugendLa jeunesse
27%
Der Friedhof, ¨-eLe cimetière
27%
Die Scheidung, -enLe divorce
27%
Der ÄrgerL'ennui / la colère
27%
Die VerzeihungLe pardon
27%
Die AnmeldungL'inscription / l'accueil
27%
Der Gast, ¨-eL'invité
27%
TödlichMortel
27%
HöflichPoli
27%
Sich verliebenTomber amoureux
27%
LebendigVivant
27%
AngenehmAgréable
20%
Liebenswürdig / freundlichAimable
20%
ScheidenDivorcer
20%
(Sich) küssenEmbrasser
20%
AchtenEstimer / respecter
20%
FremdInconnu
20%
Der Ausweis, -eLa carte d'identité
20%
Der StreitLa dispute
20%
Der Empfang, ¨-eLa réception / l'accueil
20%
Die Gesellschaft, -enLa société
20%
Das WiedersehenL'au revoir
20%
Der Kuss, ¨-eLe baiser
20%
Der Liebling, -eLe préféré
20%
Die Verlobung, -enLes fiançailles
20%
LeiderMalheureusement
20%
VerzeihenPardonner
20%
AnwesendPrésent
20%
StreitenSe disputer
20%
Sich verlobenSe fiancer
20%
AbholenAller chercher
13%
LedigCélibataire
13%
LiebCher
13%
(Sich) abmeldenDéclarer son départ / se désinscrire
13%
(Sich) anmeldenDéclarer son domicile / s'inscrire
13%
SchwangerEnceinte
13%
ZornigEn colère
13%
GeltenEtre valable
13%
Verrückt / wahnsinnigFou
13%
DoofIdiot / bête
13%
Die SchandeLa honte
13%
Das MisstrauenLa méfiance
13%
Das Verhältnis, -seLa relation
13%
Die Begrüssung, -enLa salutation
13%
Der Junggeselle, -nLe célibataire
13%
Der Sarg, ¨-eLe cercueil
13%
Die Beerdigung, -enL'enterrement
13%
Die Verabredung, -enLe rendez-vous
13%
Der BetreuerLe responsable
13%
Der Glückwunsch, ¨-e / Die Gratulation, -enLes félicitations
13%
Die Angehörige, -n Les membres de la famille
13%
Die Mensch, -enL'être humain
13%
Der WitwerLe veuf
13%
VolljährigMajeur
13%
MinderjährigMineur
13%
Geboren werdenNaître
13%
(Sich) beruhigenSe calmer
13%
Sich benehmenSe comporter / se conduire
13%
Sich verabredenSe donner rendez-vous
13%
AusgehenSortir
13%
GültigValable
13%
BegleitenAccompagner
7%
Sich verlassenCompter sur
7%
HerzlichCordial(ement)
7%
AusstellenDélivrer / présenter
7%
Böse / ärgerlichFâché
7%
TreuFidèle
7%
WütendFurieux
7%
SchimpfenGronder
7%
ErbenHériter
7%
EifersüchtigJaloux
7%
Die Braut,¨-eLa fiancée
7%
Die Ohrfeige, -nLa gifle
7%
Die EifersuchtLa jalousie
7%
Der Trauring, -eL'alliance
7%
Das Heim, -eLa maison de retraite / le foyer
7%
Die Leidenschaft, -enLa passion
7%
Die Versammlung, -en / Die Veranstaltung, -enLa réunion
7%
Die TrauerLe deuil
7%
Der Bräutigam, -eLe fiancé
7%
Die ÖffentlichkeitLe public
7%
Die Beziehung, -enLe rapport
7%
Das BeileidLes condoléances
7%
BescheidenModeste
7%
Beleidigen / kränkenOffenser / insulter / blesser
7%
ÖffentlichPublic
7%
WinkenSaluer
7%
(Sich) ärgern(Se) fâcher
7%
Sich beschwerenSe plaindre
7%
Sich rächenSe venger
7%
VerwitwetVeuf
7%
AbwesendAbsend
0%
VornehmDistingué
0%
PeinlichEmbarrassant
0%
Ehrenhonorer
0%
UnverschämtImpertinent / insolent
0%
FrechInsolent
0%
Die WutLa fureur / la rage
0%
Der SpottLa moquerie
0%
Das AnsehenLa réputation / le prestige
0%
Die AbneigungL'aversion / le dégoût
0%
Das Standesamt, ¨-erLe bureau de l'état civil
0%
Die RücksichtL'égard
0%
Die Verlegenheit, -enL'embarras
0%
Die Brieftasche, -nLe portefeuille
0%
Der Vorwurf, ¨-eLe reproche
0%
Der AbschiedLes adieux
0%
Die EhreL'honneur
0%
Die GastfreundschaftL'hospitalité
0%
LobenLouer
0%
VerachtenMépriser
0%
EingebildetPrétentieux
0%
VernünftigRaisonnable
0%
Bedauern / leid tunRegretter
0%
VerlängernRenouveler
0%
BlamierenRidiculiser
0%
(Sich)verabschiedenSe dire au revoir
0%

Distribution des résultats

Percentile par nombre de réponses

% des personnes avec chaque résultat

Votre développement - résultats

Vous n’avez pas pris ce quiz depuis la dernière actualisation